Islam a islamizmus : vybrané otázky civilizácie a postavenia žien diplomová práca

Guardado en:
Detalles Bibliográficos
Autor principal: Vaľková, Zuzana
Autor Corporativo: Fakulta medzinárodných vzťahov EU. Katedra medzinárodných politických vzťahov
Otros Autores: Márton, Milan
Formato: Libro
Lenguaje:eslovaco
Publicado: Bratislava 2009
Etiquetas: Agregar Etiqueta
Sin Etiquetas, Sea el primero en etiquetar este registro!

MARC

LEADER 00000nam$a2200000$$$4500
001 0097239
005 20240318140636.6
041 0 |a slo 
044 |a SK 
245 1 0 |a Islam a islamizmus : vybrané otázky civilizácie a postavenia žien  |b diplomová práca  |c Zuzana Vaľková ; škol. Milan Márton 
264 1 |a Bratislava  |c 2009 
300 |a 66 s. 
100 1 |a Vaľková, Zuzana 
700 1 |a Márton, Milan 
710 2 |a Fakulta medzinárodných vzťahov EU. Katedra medzinárodných politických vzťahov